Quizzes
Events
Quiz Creation
Community
Videos
Private Events
Remove Ads
Sign In
Join for FREE
Feedback
Dark Mode
Quiz Categories
Sports
Geography
Music
Movies
Television
Just For Fun
Miscellaneous
History
Literature
Language
Science
Gaming
Entertainment
Religion
Holiday
For Kids
Quiz Lab
Recent
Popular Today
Quiz Kudos Today
Editor Picks
Curator Picks
Quizzes by...
Day
Popularity
Type
Ratings
Length
Year
Community
Subscriptions
Recent Discussions
Orange Saloon
Badges
Playlists
Quests
Create
Leaderboards
Showdown
Live 5
Trivia Bingo
Activity
Puzzle Library
Sporcle Events
Private Events
Virtual Trivia
Globe League
Become a Host
Pub Owners
SporcleCon
Opinionation
Our Games
Videos
Blog
Mobile Apps
Partnerships
Remove Ads and Go Orange
Feedback
Geography
Country
Landmarks
City
State
Population
World
Capital
Continent
Flags
Europe
Africa
Asia
South America
North America
Oceania
Border
Canada
United Kingdom
Topography
United States
Geography
Country
Landmarks
City
State
Population
World
Capital
Continent
Flags
Europe
Africa
Asia
South America
North America
Oceania
Border
Canada
United Kingdom
Topography
United States
Random Quiz
Search Sporcle
×
Quiz Lab
Quiz Lab
Geography
Country
Type in answers that appear in a list
Type in answers that appear in a list
Classic
Best Score? Go Orange.
Country Quiz: Austria Stats
Can you name the facts about Austria?
By
annasofiakoivu
10m
30 Questions
73 Plays
73 Plays
73 Plays
Comments
Comments
Give Quiz Kudos
Give Quiz Kudos
-
- Ratings
hide this ad
Replay
Link that replays current quiz
Next Quiz
Link to next quiz in quiz playlist
You Got
0%
They Got
Avg Score
69%
Avg Friend Score
Upgrade to see
Score Distribution
Jump to the score distribution portion of the page
Score
0/30
Timer
10:00
0
Plays Today
Hint
Answer
% Correct
Capital
Vienna
98.6%
Smallest State
Vienna
98.6%
Currency
Euro
97.3%
Language
German
95.9%
Neighboring Country
Germany
94.5%
Neighboring Country
Czechia
94.5%
Neighboring Country
Switzerland
94.5%
Neighboring Country
Liechtenstein
94.5%
Neighboring Country
Italy
93.2%
Neighboring Country
Slovakia
93.2%
Neighboring Country
Slovenia
93.2%
Neighboring Country
Hungary
91.8%
Biggest Mountain Range
Alps
91.8%
Flag Colours
Red and white
87.7%
Second Largest City
Graz
84.9%
Hint
Answer
% Correct
Olympic Host City
Innsbruck
82.2%
Longest River
Danube
79.5%
Official Name
Republic Of Austria
78.1%
Famous Dynasty
Habsburg
58.9%
Joined the EU in
1995
57.5%
Famous food
Schniztel
47.9%
German Name
Österreich
45.2%
Number of Federal States
9
42.5%
Coat Of Arms
Eagle
42.5%
Largest State
Lower Austria
42.5%
Highest Point
Grossglockner
37%
Famous Austrian Composer
Mozarth
27.4%
Lowest Point
Neusiedler
20.5%
Legislature
Parliament
19.2%
National Anthem
Land of the mountains, land by the river
5.5%
Quiz Playlist
Details
Report
Send in Message
Add To Playlist
Classic:
Type in answers that appear in a list
Last Updated: Jul 6, 2017
Quiz Scoreboard
CHALLENGE
Sign Up to Join the Scoreboard
Show All
Scores
Hide
Comments
May contain spoilers
Recently Published
Street Fighter Characters
by Artimus82
Gaming
60s
9x9 Crossword: Cartoon Network
by jackfrog10
Miscellaneous
3m
College Basketball Coaching Resumes
by pancakes188
Sports
9m
More to Explore
Quiz From the Vault
Featured Blog Post
Where Did the Easter Bunny Come From?
hide this ad
You Might Also Like...
Tags
Country Quiz
Austria
Today's Top Quizzes in Geography
Browse Geography
hide this ad
Today's Top Quizzes in Country
Browse Country
Top Contributed Quizzes in Geography
1
Countries of the World - No Outlines Minefield
2
Top 25 Cities of France on a map
3
Any capital of a 'B' country per Continent
4
Any capital of a 'C' country per Continent
5
Closest Countries to UK A-Z
6
Any capital of a 'D' country per Continent
7
5-to-1: US Geography No Hints
8
Any capital of an 'E' country per Continent
9
Find the US States - No Outlines
10
Any capital of an 'F' country per Continent
Explore More
Trending Topics
Disney
Crossword
Kpop
NBA
Harry Potter
Anime
Marvel
Pokémon
Soccer
WWE
NFL
Song
Country
Puzzle
The Office
hide this ad
More By:
annasofiakoivu
Quiz
Plays
Rating
Category
Featured
Created
Kpop Crossword
1,156
4.85
Music
Jun 19, 2023
Match Kpop Artist to the Group (4th Gen)
911
4.75
Music
Jun 15, 2023
BTS Songs Album Sort
491
5.00
Music
Apr 15, 2020
BTS Song Title Match-Up
475
5.00
Music
Apr 15, 2020
YA Books by Characters
379
2.50
Literature
Oct 23, 2016
Go to Creator's Profile
Score Distribution
Quiz Creator Spotlight
annasofiakoivu
Follow
Send a Message
Quizzes Created
-
Created Quiz Play Count
-
More By This Creator
Popular Quizzes Today
1
Find the US States - No Outlines Minefield
2
Find the Countries of Europe - No Outlines Minefield
3
The Countries of the World
4
Find the US States
5
Risky Map Clicking: Biggest States A-Z
6
US States
7
Popular People in 1961
8
Movies - When Are They Set?
More Geography Quizzes
Symbol Cryptogram: States II
Curator's Pick
Trending Quizzes
Risky Map Clicking: Least Populous States A-Z
1-10 Letter G Words
Risky Map Clicking: Next State Alphabetically
Adjectives in 80s TV Shows
The Seven Year Switch: Catherine
Recently Updated
Leaping Animals
pecheneg
Reality TV Shows (A-Z)
bhenderson79
Rickey Henderson's Hall of Fame Teammates
pecheneg
Champions League XIs: Arsenal
pecheneg
Quick Pick: Celebrities in WWE's Hall of Fame
aduchscher
A-Z Keypad Blitz II
pecheneg
Multiple Oscar Actors
pecheneg
Mystery Phrase Blitz: Oscar 'Best Actors'
pecheneg
F. Scott Fitzgerald Novels
LTH
Pick 3 Villains
ddd62291
Trending Topics
Crossword
NBA
Disney
Harry Potter
Marvel
Anime
Kpop
Soccer
NFL
The Office
Pokémon
WWE
Song
Country
Puzzle
Your Account Isn't Verified!
In order to create a playlist on Sporcle, you need to verify the email address you used during registration. Go to your
Sporcle Settings
to finish the process.
Report this User
Report this user for behavior that violates our
Community Guidelines
.
Details:
Send Report
Go to the Sporcle.com Mobile Site →
Comments